[Event "Oslo op"]
[Site "Oslo"]
[Date "2014.04.06"]
[Round "4"]
[White "Andersen, Per Oscar"]
[Black "Storesund, Henrik"]
[Result "1/2-1/2"]
[WhiteElo "2075"]
[BlackElo "1795"]
[PlyCount "36"]
[EventDate "2014.04.04"]
[EventType "swiss"]
[EventRounds "5"]
[EventCountry "NOR"]
[SourceTitle "EXT 2016"]
[Source "ChessBase"]
[SourceDate "2015.10.08"]
[SourceVersion "1"]
[SourceVersionDate "2015.10.08"]
[SourceQuality "1"]

1. d4 Nf6 2. Nf3 g6 3. Nbd2 d5 4. b4 Bg7 5. e3 0-0 6. Bb2 Ne4 7. Be2 b6 8. c4 c5 9. cxd5 Nxd2 10. Qxd2 Qxd5 11. Rc1 Nd7 12. 0-0 Bb7 13. Rfd1 cxd4 14. Bxd4 Nf6 15. Bxf6 Qxd2 16. Nxd2 Bxf6 17. Bf3 Bxf3 18. Nxf3 Rfc8 1/2-1/2

[Event "Oslo op"]
[Site "Oslo"]
[Date "2014.04.05"]
[Round "2"]
[White "Sousa, Ludy Helsio Paulo"]
[Black "Storesund, Henrik"]
[Result "1/2-1/2"]
[WhiteElo "2228"]
[BlackElo "1795"]
[PlyCount "206"]
[EventDate "2014.04.04"]
[EventType "swiss"]
[EventRounds "5"]
[EventCountry "NOR"]
[SourceTitle "EXT 2016"]
[Source "ChessBase"]
[SourceDate "2015.10.08"]
[SourceVersion "1"]
[SourceVersionDate "2015.10.08"]
[SourceQuality "1"]

1. e4 c5 2. Nf3 d6 3. d4 cxd4 4. Nxd4 Nf6 5. Nc3 a6 6. Be3 e5 7. Nb3 Be6 8. Be2 Be7 9. Bf3 0-0 10. g4 Nc6 11. g5 Nd7 12. Qd2 Nb6 13. Be2 Rc8 14. 0-0-0 Nc4 15. Bxc4 Bxc4 16. Kb1 Na5 17. Rhg1 Re8 18. h4 Be6 19. Nxa5 Qxa5 20. a3 Rc4 21. f3 Rec8 22. Nd5 Qxd2 23. Nxe7+ Kf8 24. Bxd2 Kxe7 25. Bb4 R4c6 26. Rd2 b6 27. Rgd1 Rd8 28. a4 a5 29. Ba3 Bc4 30. b3 Ba6 31. c4 Bc8 32. Rd5 f6 33. gxf6+ gxf6 34. R5d2 Be6 35. Kc2 f5 36. Kd3 f4 37. Ke2 Bf7 38. Kf2 Be6 39. Rg1 Rg8 40. Rgd1 Rd8 41. Rg1 Rg8 42. Rgd1 Rd8 43. Kg2 Bf7 44. Kh2 h6 45. Rg1 Rg8 46. Rxg8 Bxg8 47. Rg2 Kf7 48. h5 Bh7 49. Kg1 Kf6 50. Kf2 Kf7 51. Ke2 Kf6 52. Ke1 Kf7 53. Kd1 Rc7 54. Bxd6 Rd7 55. Rd2 Ke6 56. Bf8 Rxd2+ 57. Kxd2 Bg8 58. Bxh6 Bf7 59. Bf8 Bxh5 60. Ke2 Be8 61. Kf2 Bd7 62. Kg2 Be8 63. Bh6 Bf7 64. Bg5 Kd6 65. Bd8 Kc6 66. Kh3 Bh5 67. Kg2 Bf7 68. Kf2 Be8 69. Ke2 Bh5 70. Bf6 Kd6 71. Bg7 Bf7 72. Kf2 Be8 73. Kg2 Bf7 74. Bf8+ Kd7 75. Ba3 Ke6 76. c5 bxc5 77. Bxc5 Kd7 78. b4 axb4 79. Bxb4 Bc4 80. a5 Ke6 81. Bc5 Bb5 82. Bb6 Ba6 83. Bc7 Bb5 84. Kf2 Ba6 85. Ke1 Bb5 86. Kd2 Ba6 87. Bb8 Bb5 88. Ke1 Ba6 89. Kf2 Bb5 90. Kg2 Ba6 91. Kh3 Bb5 92. Kg4 Ba6 93. Bc7 Bb5 94. Bd8 Kd6 95. Bf6 Ba6 96. Bg7 Bc8+ 97. Kh4 Ba6 98. Kg5 Be2 99. Kf6 Bxf3 100. Bf8+ Kc6 101. Kxe5 Kb7 102. Kxf4 Bxe4 103. Kxe4 Ka8 1/2-1/2

[Event "NOR-ch U26"]
[Site "Hamar"]
[Date "2013.11.15"]
[Round "1"]
[White "Storesund, Henrik"]
[Black "Myraunet, Edel Johanne"]
[Result "1-0"]
[WhiteElo "1853"]
[BlackElo "962"]
[PlyCount "91"]
[EventDate "2013.11.15"]
[EventType "swiss"]
[EventRounds "7"]
[EventCountry "NOR"]
[SourceTitle "EXT 2024"]
[Source "ChessBase"]
[SourceDate "2023.10.10"]
[SourceVersion "1"]
[SourceVersionDate "2023.10.10"]
[SourceQuality "1"]

1. e4 e5 2. Nf3 Nc6 3. Bb5 d6 4. d4 exd4 5. Nxd4 Bd7 6. Bxc6 Bxc6 7. Nxc6 bxc6 8. Nc3 f6 9. 0-0 Ne7 10. f4 d5 11. f5 dxe4 12. Qh5+ Kd7 13. Rd1+ Nd5 14. Nxd5 cxd5 15. Rxd5+ Bd6 16. Bf4 Kc8 17. Bxd6 cxd6 18. Rad1 Qb6+ 19. Kh1 Rd8 20. Qe2 Rd7 21. Qxe4 Rb8 22. b3 Rbb7 23. Qe6 Kc7 24. c4 Rb8 25. c5 Qc6 26. Rxd6 Rxd6 27. cxd6+ Kb7 28. Qe7+ Ka6 29. d7 Qc7 30. d8Q Rxd8 31. Qxd8 Qxd8 32. Rxd8 Kb5 33. Rd7 g6 34. Rxh7 gxf5 35. Rxa7 Kb4 36. h4 f4 37. h5 f5 38. h6 f3 39. gxf3 f4 40. h7 Kb5 41. h8Q Kb6 42. Ra4 Kb5 43. Qe5+ Kb6 44. Qd6+ Kb7 45. Rb4+ Ka8 46. Qa6# 1-0

[Event "NOR-ch U20"]
[Site "Lillehammer"]
[Date "2013.06.29"]
[Round "8"]
[White "Aartun, Magnus"]
[Black "Storesund, Henrik"]
[Result "1/2-1/2"]
[WhiteElo "1673"]
[BlackElo "1862"]
[PlyCount "85"]
[EventDate "2013.06.29"]
[EventType "swiss"]
[EventRounds "9"]
[EventCountry "NOR"]
[SourceTitle "EXT 2017"]
[Source "ChessBase"]
[SourceDate "2016.10.25"]
[SourceVersion "1"]
[SourceVersionDate "2016.10.25"]
[SourceQuality "1"]

1. d4 Nf6 2. c4 g6 3. Nc3 Bg7 4. e4 d6 5. Nf3 0-0 6. Be2 e5 7. 0-0 Nc6 8. d5 Ne7 9. Rb1 Nd7 10. Ne1 f5 11. f3 f4 12. b4 g5 13. Nd3 Rf7 14. c5 Bf8 15. a4 h5 16. Ba3 Nf6 17. Ra1 Ng6 18. Nf2 Rg7 19. cxd6 Bxd6 20. Qd2 g4 21. Nd3 Nh4 22. Kh1 Nxg2 23. Kxg2 gxf3+ 24. Kh1 fxe2 25. Qxe2 Qe7 26. Rg1 Bg4 27. Qg2 a5 28. Nb5 axb4 29. Nxd6 cxd6 30. Bxb4 Rxa4 31. h3 f3 32. Qh2 Bd7 33. Rxg7+ Kxg7 34. Qg3+ Kh7 35. Qxf3 Ra8 36. Rg1 Rg8 37. Rf1 Bb5 38. Qf5+ Rg6 39. Rg1 Qf7 40. Nf2 Bd7 41. Qxg6+ Qxg6 42. Rxg6 Kxg6 43. Bxd6 1/2-1/2

[Event "NOR-ch U20"]
[Site "Lillehammer"]
[Date "2013.06.29"]
[Round "9"]
[White "Aas, Flemming"]
[Black "Storesund, Henrik"]
[Result "0-1"]
[WhiteElo "1282"]
[BlackElo "1862"]
[PlyCount "134"]
[EventDate "2013.06.29"]
[EventType "swiss"]
[EventRounds "9"]
[EventCountry "NOR"]
[SourceTitle "EXT 2017"]
[Source "ChessBase"]
[SourceDate "2016.10.25"]
[SourceVersion "1"]
[SourceVersionDate "2016.10.25"]
[SourceQuality "1"]

1. d4 Nf6 2. c4 g6 3. Nc3 Bg7 4. Nf3 0-0 5. Bf4 d6 6. e3 c6 7. Be2 Nbd7 8. 0-0 Re8 9. Qc2 e5 10. dxe5 dxe5 11. Bg3 Qc7 12. b4 a5 13. a3 Nh5 14. Rab1 Nxg3 15. hxg3 Nf6 16. e4 Bf8 17. Nd1 b6 18. Rb3 Bb7 19. Bd3 axb4 20. axb4 Ra4 21. c5 bxc5 22. bxc5 Ra5 23. Rc3 Qe7 24. Qb2 Bc8 25. Ne3 Rxc5 26. Rxc5 Qxc5 27. Rc1 Qd6 28. Qc3 Nd7 29. Be2 c5 30. Nd5 Nf6 31. Nxf6+ Qxf6 32. Bb5 Re6 33. Rd1 Bb7 34. Qc2 Rd6 35. Rxd6 Qxd6 36. Bc4 Bc6 37. Ng5 Be8 38. Nf3 Kg7 39. Bd5 f6 40. Qb3 Bc6 41. Bxc6 Qxc6 42. Qc4 Qd7 43. Qc2 Qe6 44. Nd2 Be7 45. Nf1 f5 46. Ne3 f4 47. gxf4 exf4 48. Nd5 Bd6 49. f3 g5 50. Kf1 Qe5 51. Qb3 Qa1+ 52. Ke2 Qa6+ 53. Kd2 Be5 54. Qb1 h5 55. Qb3 Kh6 56. Qb6+ Qxb6 57. Nxb6 g4 58. fxg4 hxg4 59. Ke2 Bd4 60. Nc4 Kg5 61. Nd2 Kh4 62. Nf1 c4 63. Kd2 f3 64. gxf3 gxf3 65. Kd1 Kh3 66. Nd2 f2 67. Ke2 Kg2 0-1

[Event "Stavanger op A"]
[Site "Stavanger"]
[Date "2013.05.??"]
[Round "1"]
[White "Baldursson, Hrannar"]
[Black "Storesund, Henrik"]
[Result "1-0"]
[WhiteElo "2150"]
[BlackElo "1869"]
[PlyCount "91"]
[EventDate "2013.05.08"]
[EventType "swiss"]
[EventRounds "6"]
[EventCountry "NOR"]
[SourceTitle "EXT 2024"]
[Source "ChessBase"]
[SourceDate "2023.10.10"]
[SourceVersion "1"]
[SourceVersionDate "2023.10.10"]
[SourceQuality "1"]

1. c4 Nf6 2. g3 g6 3. Bg2 Bg7 4. Nc3 0-0 5. e3 c5 6. Nge2 d6 7. 0-0 Nc6 8. d3 e6 9. e4 Rb8 10. Rb1 Nd4 11. a3 Bd7 12. b4 b6 13. Nxd4 cxd4 14. Ne2 e5 15. h3 b5 16. cxb5 Bxb5 17. a4 Bc6 18. b5 a6 19. Qc2 Be8 20. bxa6 Bxa4 21. Qa2 Rxb1 22. Qxb1 Qa5 23. Qb7 Bb5 24. a7 Bxd3 25. Bb2 Qa6 26. Qb8 Bxe2 27. Ra1 Qc8 28. Qxc8 Rxc8 29. a8Q Rxa8 30. Rxa8+ Bf8 31. f3 Nd7 32. Kf2 Bd3 33. Bf1 Nc5 34. Bc1 Kg7 35. Bh6+ Kxh6 36. Rxf8 Kg7 37. Rd8 Bc2 38. Bc4 f5 39. exf5 gxf5 40. Rxd6 Nd3+ 41. Bxd3 Bxd3 42. f4 Bc2 43. fxe5 d3 44. Ke3 Kf7 45. Rf6+ Ke7 46. Kd2 1-0

[Event "Oslo Nordstrand op"]
[Site "Oslo"]
[Date "2013.04.13"]
[Round "2"]
[White "Storesund, Henrik"]
[Black "Storre, Trond"]
[Result "1-0"]
[WhiteElo "1795"]
[BlackElo "2041"]
[PlyCount "67"]
[EventDate "2013.04.12"]
[EventType "swiss"]
[EventRounds "5"]
[EventCountry "NOR"]
[SourceTitle "CBM 154 Extra"]
[Source "ChessBase"]
[SourceDate "2013.06.25"]
[SourceVersion "2"]
[SourceVersionDate "2013.06.25"]
[SourceQuality "1"]

1. e4 e6 2. d4 d5 3. Nc3 Bb4 4. a3 Bxc3+ 5. bxc3 dxe4 6. Qg4 Nf6 7. Qxg7 Rg8 8. Qh6 Rg6 9. Qe3 Nbd7 10. Ne2 Nb6 11. Ng3 Nbd5 12. Qd2 e3 13. fxe3 Ng4 14. e4 Nde3 15. Qe2 Qg5 16. Qb5+ Qxb5 17. Bxb5+ c6 18. Bd3 Nxg2+ 19. Kf1 Nh4 20. e5 f5 21. Nh5 b6 22. h3 Nh6 23. Nf6+ Kf7 24. Nxh7 Bb7 25. Rg1 Rxg1+ 26. Kxg1 Rg8+ 27. Kf1 Nf3 28. Kf2 Ng1 29. Bf1 Rg6 30. Ng5+ Ke7 31. Kxg1 Nf7 32. h4 Nh6 33. Kf2 f4 34. Bh3 1-0

[Event "Reykjavik op"]
[Site "Reykjavik"]
[Date "2013.02.25"]
[Round "8"]
[White "Storesund, Henrik"]
[Black "Petersson, Baldur Teodor"]
[Result "1/2-1/2"]
[WhiteElo "1759"]
[BlackElo "1575"]
[PlyCount "83"]
[EventDate "2013.02.19"]
[EventType "swiss"]
[EventRounds "10"]
[EventCountry "ISL"]
[SourceTitle "CBM 153 Extra"]
[Source "ChessBase"]
[SourceDate "2013.04.22"]
[SourceVersion "1"]
[SourceVersionDate "2013.04.22"]
[SourceQuality "1"]

1. e4 c5 2. Nf3 e6 3. d4 cxd4 4. Nxd4 a6 5. Nc3 Qc7 6. Be2 Nc6 7. Be3 Nf6 8. 0-0 b5 9. Nxc6 dxc6 10. f4 Be7 11. Bf3 Bb7 12. Kh1 0-0 13. g4 c5 14. g5 Rad8 15. Qe1 Nd7 16. Qh4 f5 17. exf5 Rxf5 18. Kg1 Bxf3 19. Rxf3 Bxg5 20. Qg3 Qc6 21. Rf2 Bf6 22. Qg2 Qxg2+ 23. Kxg2 Bxc3 24. bxc3 Nf6 25. Kf3 g5 26. Rg2 g4+ 27. Ke2 h5 28. h3 c4 29. hxg4 Nxg4 30. a4 Kf7 31. axb5 axb5 32. Ra7+ Kg6 33. Ra6 Re8 34. Rg1 Kf7 35. Kf3 Nxe3 36. Kxe3 Kf6 37. Rb6 h4 38. Rb7 Re7 39. Rxe7 Kxe7 40. Rg7+ Rf7 41. Rg5 Rf5 42. Rg7+ 1/2-1/2

[Event "Reykjavik op"]
[Site "Reykjavik"]
[Date "2013.02.23"]
[Round "6"]
[White "Storesund, Henrik"]
[Black "Pretterhofer, Kiaras"]
[Result "0-1"]
[WhiteElo "1759"]
[BlackElo "1997"]
[PlyCount "92"]
[EventDate "2013.02.19"]
[EventType "swiss"]
[EventRounds "10"]
[EventCountry "ISL"]
[SourceTitle "CBM 153 Extra"]
[Source "ChessBase"]
[SourceDate "2013.04.22"]
[SourceVersion "1"]
[SourceVersionDate "2013.04.22"]
[SourceQuality "1"]

1. d4 Nf6 2. c4 e6 3. Nf3 d5 4. Nc3 Bb4 5. Bg5 Nbd7 6. e3 0-0 7. Bd3 c5 8. a3 cxd4 9. exd4 Bxc3+ 10. bxc3 dxc4 11. Bxc4 Qa5 12. Qb3 Ne4 13. Be7 Re8 14. Bb4 Qc7 15. a4 b6 16. 0-0 Bb7 17. Rac1 Qf4 18. Rfd1 Nef6 19. Be2 Ng4 20. h3 Nh6 21. c4 Nf5 22. Qd3 Nf6 23. Qd2 Qc7 24. Ne5 Rad8 25. Bc3 Ne4 26. Qb2 f6 27. Nf3 Qf4 28. c5 Nxf2 29. Kxf2 Qg3+ 30. Kg1 Ne3 31. Bf1 Nxd1 32. Rxd1 Bxf3 33. Rd3 bxc5 34. Rxf3 Qd6 35. Rd3 c4 36. Rd2 Rb8 37. Qa2 Qg3 38. Ba1 Qe3+ 39. Rf2 c3 40. Qc2 Rbc8 41. Bd3 Qxd4 42. Bxh7+ Kf8 43. Qb3 f5 44. Kf1 Qc4+ 45. Qxc4 Rxc4 46. Rc2 Kf7 0-1

[Event "Reykjavik op"]
[Site "Reykjavik"]
[Date "2013.02.20"]
[Round "3"]
[White "Ragnarsson, Heimir Pall"]
[Black "Storesund, Henrik"]
[Result "0-1"]
[WhiteElo "1354"]
[BlackElo "1759"]
[PlyCount "70"]
[EventDate "2013.02.19"]
[EventType "swiss"]
[EventRounds "10"]
[EventCountry "ISL"]
[SourceTitle "CBM 153 Extra"]
[Source "ChessBase"]
[SourceDate "2013.04.22"]
[SourceVersion "1"]
[SourceVersionDate "2013.04.22"]
[SourceQuality "1"]

1. e4 c5 2. Nf3 d6 3. Bb5+ Bd7 4. Bxd7+ Qxd7 5. Nc3 Nc6 6. d3 Nf6 7. 0-0 g6 8. Bg5 Bg7 9. Qd2 h6 10. Be3 Ng4 11. h3 Nxe3 12. fxe3 0-0 13. d4 cxd4 14. exd4 Rac8 15. Qd3 a6 16. Rf2 Qd8 17. Ne2 Qb6 18. Rb1 Nb4 19. Qb3 Qa5 20. c3 Nc6 21. Rbf1 b5 22. Nd2 e6 23. d5 exd5 24. Qxd5 Ne5 25. Nf4 Qb6 26. Kh1 Rc5 27. Qb3 Nc4 28. Nd5 Qd8 29. Nb4 a5 30. Na6 Nxd2 31. Rxd2 Rg5 32. e5 Qb6 33. Rdf2 Qxa6 34. Rxf7 Rxf7 35. Rxf7 Rxe5 0-1

[Event "Reykjavik op"]
[Site "Reykjavik"]
[Date "2013.02.20"]
[Round "2"]
[White "Storesund, Henrik"]
[Black "Murray, Michael A"]
[Result "0-1"]
[WhiteElo "1759"]
[BlackElo "2017"]
[PlyCount "94"]
[EventDate "2013.02.19"]
[EventType "swiss"]
[EventRounds "10"]
[EventCountry "ISL"]
[SourceTitle "CBM 153 Extra"]
[Source "ChessBase"]
[SourceDate "2013.04.22"]
[SourceVersion "1"]
[SourceVersionDate "2013.04.22"]
[SourceQuality "1"]

1. e4 Nc6 2. d4 e5 3. Nf3 exd4 4. Nxd4 g6 5. Bc4 Bg7 6. Nxc6 bxc6 7. 0-0 Ne7 8. Nc3 0-0 9. f4 d6 10. f5 gxf5 11. Qh5 d5 12. exd5 cxd5 13. Bd3 Qd6 14. Rf3 Qg6 15. Qh4 Qf6 16. Qh5 Qd4+ 17. Re3 Ng6 18. Kh1 f4 19. Re1 c6 20. Ne2 Qe5 21. Qf3 Bf5 22. Bxf5 Qxf5 23. c3 Rfe8 24. Bd2 Qc2 25. Bxf4 Nxf4 26. Nxf4 Qxb2 27. Nh5 Qxc3 28. Qf2 Re6 29. Rf1 Rf8 30. Rab1 Qd4 31. Qg3 Rg6 32. Qf3 Qg4 33. Qxg4 Rxg4 34. Nf6+ Bxf6 35. Rxf6 Ra4 36. Kg1 Rxa2 37. Rxc6 Re8 38. Rc3 d4 39. Rg3+ Kf8 40. Rd1 Re3 41. Rg4 d3 42. Kf1 a5 43. Rh4 a4 44. Rxh7 a3 45. Rh4 Rb2 46. Rc4 a2 47. Rcc1 d2 0-1